[Event "GRE-chT 44th"]
[Site "Achaia"]
[Date "2016.07.09"]
[Round "6.11"]
[White "Radeva, Viktoria"]
[Black "Pahaki, Hristina Despoina"]
[Result "1/2-1/2"]
[WhiteElo "2101"]
[BlackElo "1699"]
[PlyCount "76"]
[EventDate "2016.07.05"]
[EventType "team-swiss"]
[EventRounds "7"]
[EventCountry "GRE"]
[SourceTitle "CBM 173 Extra"]
[Source "ChessBase"]
[SourceDate "2016.08.29"]
[SourceVersion "1"]
[SourceVersionDate "2016.08.29"]
[SourceQuality "1"]
[WhiteTeam "Heraklion SO"]
[BlackTeam "Patras Sailing"]
[WhiteTeamCountry "GRE"]
[BlackTeamCountry "GRE"]

1. e4 c5 2. Nf3 Nc6 3. d4 cxd4 4. Nxd4 g6 5. c4 Bg7 6. Be3 Nf6 7. Nc3 Ng4 8. Qxg4 Nxd4 9. Qd1 Ne6 10. Qd2 Qa5 11. Be2 Bxc3 12. bxc3 Qc7 13. 0-0 b6 14. f4 Ba6 15. f5 Nc5 16. Qd4 f6 17. Bf4 d6 18. Rab1 Rc8 19. h4 Nd7 20. Rb4 Qc6 21. h5 Ne5 22. fxg6 hxg6 23. Bxe5 dxe5 24. Qe3 gxh5 25. Rf5 h4 26. Bh5+ Kd7 27. Qh3 Kc7 28. Qxh4 Bb7 29. Qf2 Kb8 30. Bf3 Qc5 31. g4 Qxf2+ 32. Kxf2 Rh2+ 33. Ke3 Rxa2 34. g5 Ra3 35. Kd2 Ra2+ 36. Ke3 Ra3 37. Kd2 Ra2+ 38. Ke3 Ra3 1/2-1/2

[Event "GRE-chT 42nd"]
[Site "Porto Rio"]
[Date "2014.06.29"]
[Round "2.5"]
[White "Pahaki, Hristina Despoina"]
[Black "Farmaki, Athanasia"]
[Result "1/2-1/2"]
[WhiteElo "1663"]
[BlackElo "1709"]
[PlyCount "64"]
[EventDate "2014.06.28"]
[EventType "team-swiss"]
[EventRounds "7"]
[EventCountry "GRE"]
[SourceTitle "CBM 161 Extra"]
[Source "ChessBase"]
[SourceDate "2014.08.29"]
[SourceVersion "1"]
[SourceVersionDate "2014.08.29"]
[SourceQuality "1"]
[WhiteTeam "Nautical Association"]
[BlackTeam "Glyfadas Zenon"]
[WhiteTeamCountry "GRE"]
[BlackTeamCountry "GRE"]

1. d4 d5 2. c4 e6 3. Nf3 Nf6 4. Nc3 Nbd7 5. Bg5 Be7 6. e3 0-0 7. Bd3 dxc4 8. Bxc4 b6 9. 0-0 Bb7 10. Rc1 c5 11. Qe2 Ne4 12. Nxe4 Bxe4 13. Bf4 Nf6 14. Rfd1 Nd5 15. Bg3 Bd6 16. dxc5 bxc5 17. Nd2 Bg6 18. Nb3 Bxg3 19. hxg3 Qg5 20. Bxd5 exd5 21. Rxc5 Rad8 22. Qb5 Be4 23. Nd2 Qg4 24. f3 Qxg3 25. fxe4 Qxe3+ 26. Kf1 dxe4 27. Rd5 Rxd5 28. Qxd5 Qf4+ 29. Kg1 Qe3+ 30. Kh2 Qh6+ 31. Kg1 Qe3+ 32. Kh2 Qh6+ 1/2-1/2

[Event "GRE-chT 40th"]
[Site "Achaia"]
[Date "2012.07.04"]
[Round "6.14"]
[White "Pahaki, Hristina Despoina"]
[Black "Rompaki, Maria"]
[Result "1-0"]
[WhiteElo "1673"]
[BlackElo "1244"]
[PlyCount "65"]
[EventDate "2012.06.30"]
[EventType "team-swiss"]
[EventRounds "7"]
[EventCountry "GRE"]
[SourceTitle "CBM 149 Extra"]
[Source "ChessBase"]
[SourceDate "2012.08.24"]
[SourceVersion "1"]
[SourceVersionDate "2012.08.24"]
[SourceQuality "1"]
[WhiteTeam "AEK"]
[BlackTeam "Kalamata Poseidon"]
[WhiteTeamCountry "GRE"]
[BlackTeamCountry "GRE"]

1. d4 Nf6 2. c4 e6 3. Nc3 Bb4 4. Nf3 0-0 5. Bg5 h6 6. Bh4 d6 7. e3 Nbd7 8. Bd3 Bxc3+ 9. bxc3 b6 10. 0-0 Bb7 11. Re1 Qe8 12. e4 Qc8 13. Bc2 e5 14. dxe5 dxe5 15. Bxf6 Nxf6 16. Nxe5 Re8 17. f4 Rd8 18. Qe2 Nd7 19. Nf3 Nc5 20. Nd4 Ne6 21. Qe3 c5 22. Nf5 Kf8 23. g4 g6 24. Nxh6 Kg7 25. g5 Qc7 26. f5 Nf8 27. f6+ Kh8 28. Re2 Nh7 29. h4 Bc8 30. Rh2 Be6 31. h5 Rd7 32. hxg6 fxg6 33. e5 1-0

[Event "GRE-chT 40th"]
[Site "Achaia"]
[Date "2012.07.01"]
[Round "2.13"]
[White "Pahaki, Hristina Despoina"]
[Black "Barbageorgopoulou, Fani"]
[Result "0-1"]
[WhiteElo "1673"]
[BlackElo "1842"]
[PlyCount "44"]
[EventDate "2012.06.30"]
[EventType "team-swiss"]
[EventRounds "7"]
[EventCountry "GRE"]
[SourceTitle "CBM 149 Extra"]
[Source "ChessBase"]
[SourceDate "2012.08.24"]
[SourceVersion "1"]
[SourceVersionDate "2012.08.24"]
[SourceQuality "1"]
[WhiteTeam "AEK"]
[BlackTeam "Polichnis"]
[WhiteTeamCountry "GRE"]
[BlackTeamCountry "GRE"]

1. Nf3 Nf6 2. d4 c5 3. d5 b5 4. a4 b4 5. c4 g6 6. b3 Bg7 7. Bb2 0-0 8. Nbd2 e6 9. e4 exd5 10. exd5 Re8+ 11. Be2 Qe7 12. Ra2 Ba6 13. Nf1 Ne4 14. Bxg7 Kxg7 15. Rc2 d6 16. g4 Nd7 17. Ne3 Nxf2 18. Qa1+ Kg8 19. Nf5 gxf5 20. Rg1 Nd3+ 21. Kd1 N3e5 22. gxf5+ Kh8 0-1

[Event "GRE-ch U16 Girls"]
[Site "Kallithea"]
[Date "2010.07.01"]
[Round "6"]
[White "Asvestopoulou, Evdokia"]
[Black "Pahaki, Hristina Despoina"]
[Result "1/2-1/2"]
[WhiteElo "1518"]
[BlackElo "1684"]
[PlyCount "79"]
[EventDate "2010.06.26"]
[EventType "swiss"]
[EventRounds "7"]
[EventCountry "GRE"]
[SourceTitle "EXT 2011"]
[Source "ChessBase"]
[SourceDate "2010.11.26"]
[SourceVersion "1"]
[SourceVersionDate "2010.11.26"]
[SourceQuality "1"]

1. d4 d5 2. c4 c6 3. cxd5 cxd5 4. Nc3 Nc6 5. h3 e6 6. Nf3 Nf6 7. Bg5 Be7 8. e3 0-0 9. a3 a6 10. Bd3 b5 11. b4 Bb7 12. 0-0 a5 13. bxa5 b4 14. axb4 Nxb4 15. a6 Bxa6 16. Bxa6 Nxa6 17. Ne5 Nb4 18. Rxa8 Qxa8 19. Nd7 Re8 20. Nxf6+ Bxf6 21. Bxf6 gxf6 22. Qg4+ Kh8 23. Qh4 Qd8 24. Rb1 Nc6 25. Rb7 Rf8 26. Ne2 f5 27. Qh5 Qf6 28. Nf4 Ne7 29. Rb6 Rg8 30. Qf3 Qg5 31. Kf1 Ng6 32. Nxg6+ hxg6 33. Rb7 Kg7 34. Qd1 Ra8 35. Qb1 Qd8 36. Kg1 Qd6 37. Rb6 Qc7 38. Rb7 Qd6 39. Rb6 Qc7 40. Rb7 1/2-1/2

[Event "GRE-ch U16 Girls"]
[Site "Kallithea"]
[Date "2010.06.29"]
[Round "4"]
[White "Pahaki, Hristina Despoina"]
[Black "Alexiou, Dimitra"]
[Result "1-0"]
[WhiteElo "1684"]
[BlackElo "1642"]
[PlyCount "61"]
[EventDate "2010.06.26"]
[EventType "swiss"]
[EventRounds "7"]
[EventCountry "GRE"]
[SourceTitle "EXT 2011"]
[Source "ChessBase"]
[SourceDate "2010.11.26"]
[SourceVersion "1"]
[SourceVersionDate "2010.11.26"]
[SourceQuality "1"]

1. d4 d5 2. c4 e6 3. Nc3 Nf6 4. Nf3 Nbd7 5. a3 Be7 6. Bf4 Nb6 7. c5 Nh5 8. Bg3 Nxg3 9. hxg3 Nd7 10. e3 c6 11. b4 b6 12. Bd3 h6 13. cxb6 axb6 14. Bc2 Qc7 15. Ne2 e5 16. dxe5 Nxe5 17. Kf1 Be6 18. Nfd4 Qd7 19. Nf4 Bf6 20. Nh5 Qe7 21. Nxf6+ Qxf6 22. Nxe6 Qxe6 23. Qd4 0-0 24. a4 Rab8 25. Rh5 Ng6 26. Ra3 Rfc8 27. Bf5 Qe5 28. Qxe5 Nxe5 29. Bxc8 Nc4 30. Rc3 Rxc8 31. Ke2 1-0

[Event "GRE-ch U18 Girls"]
[Site "Peristeri"]
[Date "2010.01.03"]
[Round "1"]
[White "Fragkou, Eleni"]
[Black "Pahaki, Hristina Despoina"]
[Result "0-1"]
[WhiteElo "1895"]
[BlackElo "1682"]
[PlyCount "122"]
[EventDate "2010.01.03"]
[EventType "swiss"]
[EventRounds "9"]
[EventCountry "GRE"]
[SourceTitle "EXT 2011"]
[Source "ChessBase"]
[SourceDate "2010.11.26"]
[SourceVersion "1"]
[SourceVersionDate "2010.11.26"]
[SourceQuality "1"]

1. Nf3 d5 2. b3 c5 3. Bb2 f6 4. e3 e5 5. d4 cxd4 6. exd4 e4 7. Nfd2 Be6 8. c4 Bb4 9. a3 Bxd2+ 10. Qxd2 Ne7 11. Nc3 0-0 12. cxd5 Bxd5 13. Bc4 Kh8 14. 0-0 f5 15. Rac1 Nbc6 16. Nxd5 Nxd5 17. Bxd5 Qxd5 18. Rc5 Qxb3 19. d5 Rad8 20. Qc3 Qxc3 21. Bxc3 Nb8 22. Rc1 Rd7 23. Be5 Na6 24. Rc8 Kg8 25. d6 Rdd8 26. R8c4 Kf7 27. Kf1 Rd7 28. Ke2 Ke6 29. Bxg7 Rxg7 30. Rd1 Rd7 31. Rcd4 Rfd8 32. Rb1 Nc5 33. Rc4 b6 34. a4 Rxd6 35. a5 Rd2+ 36. Kf1 Rd1+ 37. Rxd1 Rxd1+ 38. Ke2 Rd6 39. Ke3 Kd5 40. Rd4+ Ke5 41. Rc4 Rd3+ 42. Ke2 Kd5 43. Rb4 Rb3 44. Rxb3 Nxb3 45. axb6 axb6 46. Ke3 b5 47. Kf4 Nd4 48. Kg5 b4 49. Kh6 b3 50. Kxh7 b2 51. h4 b1Q 52. h5 Ne6 53. h6 Qb7+ 54. Kg6 Nf8+ 55. Kxf5 Qh7+ 56. Kg5 Qg6+ 57. Kf4 Qxh6+ 58. Kg3 Ne6 59. f3 e3 60. f4 Qxf4+ 61. Kh3 Ng5# 0-1

[Event "GRE-ch U16 Girls"]
[Site "Kallithea"]
[Date "2009.06.28"]
[Round "5"]
[White "Tsarouha, Marianthi"]
[Black "Pahaki, Hristina Despoina"]
[Result "1-0"]
[WhiteElo "1738"]
[BlackElo "1698"]
[PlyCount "83"]
[EventDate "2009.06.25"]
[EventType "swiss"]
[EventRounds "9"]
[EventCountry "GRE"]
[SourceTitle "EXT 2011"]
[Source "ChessBase"]
[SourceDate "2010.11.26"]
[SourceVersion "1"]
[SourceVersionDate "2010.11.26"]
[SourceQuality "1"]

1. d4 d5 2. c4 c6 3. e3 Nf6 4. Nc3 Bf5 5. cxd5 Nxd5 6. Bd3 Bxd3 7. Qxd3 e6 8. Nf3 Be7 9. e4 Nf6 10. 0-0 Na6 11. Qc2 0-0 12. Bg5 h6 13. Bh4 g5 14. e5 Nh7 15. Bg3 g4 16. Nd2 Qxd4 17. Nde4 Rad8 18. Rad1 Qb6 19. Qe2 h5 20. Bf4 Kh8 21. Bh6 Rg8 22. Nd6 Bxd6 23. exd6 Qc5 24. Be3 Qf5 25. Bxa7 Rg6 26. Bb6 Rd7 27. Ne4 Kg8 28. f3 gxf3 29. Rxf3 Qg4 30. Nc3 Qb4 31. Qf2 Ng5 32. Rg3 Rxd6 33. Rxd6 Qxd6 34. Be3 Qe5 35. Bd4 Qd6 36. h4 Nh7 37. Rxg6+ fxg6 38. Ne4 Qd8 39. Bc3 Qe7 40. Qf4 Nc7 41. Qe5 Nf8 42. Ng5 1-0

[Event "GRE-ch U16 Girls"]
[Site "Kallithea"]
[Date "2009.06.26"]
[Round "3"]
[White "Themeli, Dimitra"]
[Black "Pahaki, Hristina Despoina"]
[Result "0-1"]
[WhiteElo "1642"]
[BlackElo "1698"]
[PlyCount "94"]
[EventDate "2009.06.25"]
[EventType "swiss"]
[EventRounds "9"]
[EventCountry "GRE"]
[SourceTitle "EXT 2011"]
[Source "ChessBase"]
[SourceDate "2010.11.26"]
[SourceVersion "1"]
[SourceVersionDate "2010.11.26"]
[SourceQuality "1"]

1. c4 e5 2. g3 Nf6 3. Bg2 Bc5 4. e3 Nc6 5. Ne2 0-0 6. Nbc3 d6 7. 0-0 Bg4 8. f3 Be6 9. d4 exd4 10. exd4 Bb6 11. b3 d5 12. c5 Ba5 13. Bg5 h6 14. Bxf6 Qxf6 15. f4 Rad8 16. Rc1 Ne7 17. a3 Bxc3 18. Rxc3 Bg4 19. Re3 Nf5 20. Re5 c6 21. Bf3 Bxf3 22. Rxf3 Rfe8 23. Qd3 g6 24. b4 Re6 25. a4 Qe7 26. Nc3 Re8 27. Rf2 f6 28. Rxe6 Qxe6 29. Re2 Qd7 30. Rxe8+ Qxe8 31. Kf2 Kf7 32. g4 Ng7 33. Qe3 Qd7 34. h3 Qc7 35. b5 Ne6 36. Kf3 Qa5 37. bxc6 bxc6 38. f5 Ng5+ 39. Kg3 Qxc3 40. fxg6+ Kxg6 41. Qxc3 Ne4+ 42. Kf4 Nxc3 43. a5 Nb5 44. Ke3 Kg5 45. a6 Nc7 46. Kd3 Kf4 47. Kc3 Kg3 0-1

[Event "Patron CC-ch"]
[Site "Greece"]
[Date "2008.01.06"]
[Round "6"]
[White "Pahaki, Hristina Despoina"]
[Black "Masouros, Panagiotis"]
[Result "0-1"]
[WhiteElo "1265"]
[BlackElo "1941"]
[PlyCount "46"]
[EventDate "2008.01.02"]
[EventType "swiss"]
[EventRounds "7"]
[EventCountry "GRE"]
[SourceTitle "EXT 2010"]
[Source "ChessBase"]
[SourceDate "2010.11.25"]
[SourceVersion "1"]
[SourceVersionDate "2010.11.25"]
[SourceQuality "1"]

1. e4 c5 2. Nf3 Nc6 3. d4 cxd4 4. Nxd4 e5 5. Nb3 Nf6 6. Bd3 d5 7. Bg5 dxe4 8. Bxf6 Qxf6 9. Bxe4 Be7 10. 0-0 0-0 11. Nc3 Rd8 12. Nd5 Qe6 13. Nxe7+ Qxe7 14. Qf3 Be6 15. Qh5 g6 16. Qh6 f5 17. Bxc6 bxc6 18. Qe3 Bd5 19. Rad1 f4 20. Qc3 f3 21. Qe3 Rf8 22. Nd2 Qe6 23. Rfe1 Qg4 0-1

[Event "Patron CC-ch"]
[Site "Greece"]
[Date "2008.01.03"]
[Round "3"]
[White "Karatzas, Hristos"]
[Black "Pahaki, Hristina Despoina"]
[Result "0-1"]
[WhiteElo "1000"]
[BlackElo "1265"]
[PlyCount "52"]
[EventDate "2008.01.02"]
[EventType "swiss"]
[EventRounds "7"]
[EventCountry "GRE"]
[SourceTitle "EXT 2010"]
[Source "ChessBase"]
[SourceDate "2010.11.25"]
[SourceVersion "1"]
[SourceVersionDate "2010.11.25"]
[SourceQuality "1"]

1. e4 e5 2. Nf3 Nc6 3. Qe2 Bc5 4. Qd3 d6 5. Qb3 Be6 6. Bc4 Bxc4 7. Qxc4 Nf6 8. Ng5 0-0 9. d4 Bxd4 10. c3 Bb6 11. h4 h6 12. Nf3 Ng4 13. Rh3 Bxf2+ 14. Kf1 Be3 15. Ke1 Bxc1 16. Rg3 Bxb2 17. Rxg4 Bxa1 18. Qe2 d5 19. exd5 Qxd5 20. Qf2 Ne7 21. Rg3 Qe4+ 22. Kf1 Qxb1+ 23. Ke2 Qc2+ 24. Nd2 Bxc3 25. Qf3 Qxd2+ 26. Kf1 Qe1# 0-1